000 00800nam a2200253Ia 4500
003 OSt
005 20220918170646.0
006 a|||||r|||| 00| 0
007 ta
008 220917b |||||||| |||| 00| 0 eng d
020 _a9780415519038 (pbk)
_c1454.51
024 _a265,955
037 _b121/2012-13, 11/10/2012, Pioneer Book Distributors
_cTextual
040 _aARTS
_cARTS
_beng
041 _2eng
_aeng
082 _aR3xM59,2, P2;Q2
100 _aHusserl Edmund
_921145
245 0 _aIdeas
_bGeneral introduction to pure phenomenology
260 _aLondon
_bRoutledge UK
_c1912
300 _a374p.
_ccm.
650 _aPHILOSOPHY
942 _hR3xM59,2, P2;Q2
_cTEXL
_2CC
999 _c135052
_d135052